Responses for Show #2396 - Monday, January 23, 1995

Contestants

[<< previous game]

Mark Werlinsky, an attorney and stand-up comedian from Broomall, Pennsylvania

Lee Knapp, a film graduate student originally from Seattle, Washington

David Bond, a classical guitarist originally from Subury, Massachusetts (whose 1-day cash winnings total $11,700)

[next game >>]

Jeopardy! Round responses

CHILDREN'S LITERATURE
SONG LYRICS
PATERNAL NICKNAMES
AVIATION
CAKES & PASTRIES
GEOGRAPHIC ANAGRAMS
    $100 3
The Wind in the Willows

David
    $100 5
a very good year

Mark
    $100 11
Ben Franklin

Mark
    $100 15
(Charles) Lindbergh

Mark
    $100 24
honey

Lee
    $100 1
the Andes (from Danes)

David
    $200 9
silver skates

David
    $200 6
fall in love

Mark
    $200 12
the Golden Gate Bridge

Lee
    $200 16
Piper

Mark
    $200 25
yeast

Triple Stumper
    $200 2
Oman (from Mona)

Lee
    $300 10
(Louisa May) Alcott

Mark
    $300 7
to watch over me

Lee
    $300 13
(Mark: What is the tango?)

ballet

DavidMark
    $300 17
Germany

Lee
    $300 26
a Napoleon

David
    $300 4
Iran (from rain)

Mark
    $400 18
(Lee: Who is Ingalls?)
(Alex: Laura In... be a little more specific.)

Laura Ingalls Wilder

Lee
    $400 8
a stairway to heaven

Mark
    $400 21
the (Brooklyn) Dodgers

Mark
    $400 29
refueling

Mark
    $400 27
meringue

Lee
    $400 14
Spain (from pains)

Mark
    $500 19
Beatrix Potter

David
    $500 23
"The Rose"

Mark
    $500 22
(Lee) Strasberg

David
    $500 30
United Airlines

Triple Stumper
    $900 28
(Alex: Lee?)
(Lee: Don't know.)

a petit four

Lee
    $500 20
(Mark: What is the Rhone?)

the Arno (from Nora)

DavidMark

Scores at the first commercial break (after clue 15):

David Lee Mark
$700 $700 $1,600

Scores at the end of the Jeopardy! Round:

David Lee Mark
$2,500 $1,000 $2,600

Double Jeopardy! Round responses

WORLD LEADERS
MYTHOLOGY
ODD WORDS
SHAKESPEAREAN CHARACTERS
AFRICA
LEF
(Alex: It has been left unfinished.)
    $200 6
Italy

David
    $200 1
Hercules

David
    $200 11
the blubber

David
    $200 21
Falstaff

Lee
    $200 14
South Africa

David
    $200 26
George Washington

David
    $400 7
Chile

Lee
    $400 2
Pegasus

Lee
    $400 12
to chew

Lee
    $400 22
Juliet

Lee
    $400 15
Coca-Cola

David
    $400 27
Mozart

David
    $600 8
Helmut Kohl

David
    $600 3
Hades

David
    $600 13
(Lee: What is a hat?)

a moustache

LeeMark
    $600 23
(David: Who is Antony?)

Brutus

DavidLee
    $600 16
Kilimanjaro

Lee
    $600 28
the Medicis

David
    $800 9
(Saddam) Hussein

David
    $1,000 4
Ulysses (Odysseus)

David
    $800 19
(Mark: What is similar?)

simpatico

Mark
Triple Stumper
    $1,000 24
Iago

Lee
    $800 17
Mogadishu

Lee
    $800 29
(Edmund) Spenser

Lee
    $1000 10
Rabin

Mark
    $1000 5
the Titans

David
    $1000 20
antediluvian

Lee
    $1000 25
Macbeth

David
    $1000 18
Angola

David
    $1000 30
[David only gave the character's name for his correct response.]

The Mystery of Edwin Drood

David

Scores at the end of the Double Jeopardy! Round:

David Lee Mark
$11,300 $7,000 $3,400

[wagering suggestions for these scores]

Final Jeopardy! Round responses

THE SOUTHERN U.S.
MarkWhat is Florida?
$3,400
LeeWhat is Mississippi?
$5,000
DavidWhat is Florida?
$3,000
Florida

Final scores:

David Lee Mark
$14,300 $2,000 $6,800
2-day champion: $26,000 3rd place: Cutco knife set + Jeopardy! Sports Edition for home computer or Super Nintendo Entertainment System 2nd place: Ashley dining furniture + Bob Mitchell coverings + Jeopardy Sports Edition for home computer or Super Nintendo Entertainment System

Game dynamics:

Coryat scores:

David Lee Mark
$11,100 $7,700 $3,400
24 R
(including 1 DD),
1 W
18 R
(including 1 DD),
2 W
(including 1 DD)
14 R,
3 W

Combined Coryat: $22,200

[game clues] [game scores] [suggest correction]

Game tape date: 1994-11-08
The J! Archive is created by fans, for fans. Scraping, republication, monetization, and malicious use prohibited; this site may use cookies and collect identifying information. See terms. The Jeopardy! game show and all elements thereof, including but not limited to copyright and trademark thereto, are the property of Jeopardy Productions, Inc. and are protected under law. This website is not affiliated with, sponsored by, or operated by Jeopardy Productions, Inc. Join the discussion at JBoard.tv.